Poems old and new (Record no. 7441)
[ view plain ]
| 000 -LEADER | |
|---|---|
| fixed length control field | 00506cam a2200217ua 4500 |
| 001 - CONTROL NUMBER | |
| control field | 8335 |
| 005 - DATE AND TIME OF LATEST TRANSACTION | |
| control field | 20260515114324.0 |
| 008 - FIXED-LENGTH DATA ELEMENTS--GENERAL INFORMATION | |
| fixed length control field | 160614n ii |||gr||||Z||||||eng |
| 020 ## - INTERNATIONAL STANDARD BOOK NUMBER | |
| International Standard Book Number | 0333937341 |
| 040 ## - CATALOGING SOURCE | |
| Transcribing agency | MAIN |
| 041 ## - LANGUAGE CODE | |
| Language code of text/sound track or separate title | eng |
| 082 ## - DEWEY DECIMAL CLASSIFICATION NUMBER | |
| Classification number | 821 |
| 100 ## - MAIN ENTRY--PERSONAL NAME | |
| Personal name | Mahanta, P., |
| Relator term | Editor. |
| 245 ## - TITLE STATEMENT | |
| Title | Poems old and new |
| Statement of responsibility, etc. | Edited by Pona Mahanta |
| 250 ## - EDITION STATEMENT | |
| Edition statement | 1st. |
| 260 ## - PUBLICATION, DISTRIBUTION, ETC. | |
| Place of publication, distribution, etc. | Kolkatta: |
| Name of publisher, distributor, etc. | Macmillan, |
| Date of publication, distribution, etc. | 2001. |
| 300 ## - PHYSICAL DESCRIPTION | |
| Extent | 437p. |
| 653 ## - INDEX TERM--UNCONTROLLED | |
| Uncontrolled term | English poetry |
| 653 ## - INDEX TERM--UNCONTROLLED | |
| Uncontrolled term | Poems old and new |
| 942 ## - ADDED ENTRY ELEMENTS (KOHA) | |
| Koha item type | Books |
| Withdrawn status | Lost status | Damaged status | Not for loan | Home library | Current library | Shelving location | Date acquired | Total checkouts | Full call number | Barcode | Date last seen | Date last checked out | Copy number | Price effective from | Koha item type | Source of classification or shelving scheme | Collection | Cost, normal purchase price |
|---|---|---|---|---|---|---|---|---|---|---|---|---|---|---|---|---|---|---|
| Naharkatiya College Library | Naharkatiya College Library | General stacks | 09/19/2020 | 1 | 821 | POE | 1563 | 02/11/2022 | 11/08/2021 | 5 | 09/19/2020 | Books | |||||||
| Naharkatiya College Library | Naharkatiya College Library | General stacks | 09/19/2020 | 3 | 821 | POE | 5325 | 01/04/2022 | 12/16/2021 | 9 | 09/19/2020 | Books | |||||||
| Naharkatiya College Library | Naharkatiya College Library | General stacks | 09/19/2020 | 821 | POE | 5326 | 09/19/2020 | 8 | 09/19/2020 | Books | |||||||||
| Naharkatiya College Library | Naharkatiya College Library | General stacks | 09/19/2020 | 7 | 821 | POE | 5327 | 03/23/2022 | 03/11/2022 | 2 | 09/19/2020 | Books | |||||||
| Naharkatiya College Library | Naharkatiya College Library | General stacks | 09/19/2020 | 1 | 821 | POE | 5328 | 05/11/2023 | 11/03/2021 | 1 | 09/19/2020 | Books | |||||||
| Naharkatiya College Library | Naharkatiya College Library | General stacks | 09/19/2020 | 9 | 821 | POE | 5329 | 03/07/2022 | 02/28/2022 | 10 | 09/19/2020 | Books | |||||||
| Naharkatiya College Library | Naharkatiya College Library | General stacks | 09/19/2020 | 821 | POE | 5331 | 09/19/2020 | 7 | 09/19/2020 | Books | |||||||||
| Naharkatiya College Library | Naharkatiya College Library | General stacks | 09/19/2020 | 10 | 821 | POE | 5332 | 12/13/2022 | 12/10/2022 | 6 | 09/19/2020 | Books | |||||||
| Naharkatiya College Library | Naharkatiya College Library | General stacks | 09/19/2020 | 821 | POE | 5566 | 09/19/2020 | 4 | 09/19/2020 | Books | |||||||||
| Naharkatiya College Library | Naharkatiya College Library | General stacks | 09/19/2020 | 9 | 821 | POE | 7130 | 03/23/2022 | 03/12/2022 | 3 | 09/19/2020 | Books | |||||||
| Naharkatiya College Library | Naharkatiya College Library | General stacks | 11/11/2021 | 5 | 821 | 17951 | 03/23/2022 | 03/21/2022 | 11 | 11/11/2021 | Books | Dewey Decimal Classification | 128.00 |